[Event "Tradewise Gibraltar Masters 14th"]
[Site "Gibraltar"]
[Date "2016.01.27"]
[Round "2.117"]
[White "Byron, Alan M"]
[Black "Tarr, Steve F"]
[Result "1/2-1/2"]
[WhiteElo "2175"]
[BlackElo "1779"]
[PlyCount "152"]
[EventDate "2016.01.26"]
[EventType "swiss"]
[EventRounds "10"]
[EventCountry "GGB"]
[Source "www.saund.co.uk"]
[SourceDate "2005.02.07"]

1. e4 c5 2. Nf3 d6 3. d4 cxd4 4. Nxd4 Nf6 5. Nc3 g6 6. Be3 Bg7 7. Be2 O-O 8.
Qd2 Nc6 9. O-O-O Ng4 10. Bxg4 Bxg4 11. f3 Bd7 12. Kb1 Rc8 13. Nxc6 bxc6 14. Bd4
Bxd4 15. Qxd4 Qb6 16. e5 Qxd4 17. Rxd4 d5 18. Ra4 Rc7 19. Ra5 Rb8 20. Rd1 e6
21. Rc5 Rcb7 22. b3 Rb6 23. a3 Kf8 24. Rd4 Ke7 25. Rh4 Rh8 26. Ra5 Rb7 27. Kc1
f6 28. f4 g5 29. exf6+ Kxf6 30. fxg5+ Kxg5 31. Rha4 Ra8 32. Ne4+ Kg6 33. Nc5
Rc7 34. Rg4+ Kf7 35. Rh4 Kg7 36. Raa4 e5 37. Nxd7 Rxd7 38. Rag4+ Kh8 39. Rh6
Rc8 40. Re6 e4 41. Kd2 Rdc7 42. g3 Rg8 43. Rf4 Rg6 44. Rxg6 hxg6 45. Rf6 Kg7
46. Rd6 Kh6 47. Ke3 Kg5 48. c4 Kh6 49. cxd5 cxd5 50. Rxd5 Rc3+ 51. Kxe4 Rxb3
52. Ra5 Rb7 53. Ke5 Rb2 54. h4 g5 55. hxg5+ Kxg5 56. Rxa7 Rb3 57. a4 Ra3 58.
Rg7+ Kh6 59. Ra7 Rxg3 60. a5 Kg6 61. a6 Ra3 62. Ke6 Ra1 63. Ra8 Kg7 64. Kd6 Kf7
65. Kc6 Ke7 66. Kb6 Rb1+ 67. Ka7 Kd7 68. Rb8 Ra1 69. Rb3 Kc7 70. Rc3+ Kd7 71.
Rc4 Ra2 72. Kb6 Rb2+ 73. Ka7 Ra2 74. Rc5 Ra1 75. Rh5 Kc7 76. Rh7+ Kc8 1/2-1/2

[Event "Tradewise Gibraltar Masters 14th"]
[Site "Gibraltar"]
[Date "2016.01.27"]
[Round "2.118"]
[White "Mrabti, Yahya"]
[Black "Tscharotschkin, Michael"]
[Result "1/2-1/2"]
[WhiteElo "1780"]
[BlackElo "2169"]
[PlyCount "94"]
[EventDate "2016.01.26"]
[EventType "swiss"]
[EventRounds "10"]
[EventCountry "GGB"]
[Source "www.saund.co.uk"]
[SourceDate "2005.02.07"]

1. e4 e6 2. d3 d5 3. Nd2 Nf6 4. g3 c5 5. Bg2 Nc6 6. Ngf3 Be7 7. O-O O-O 8. Re1
b5 9. e5 Nd7 10. h4 f6 11. exf6 Nxf6 12. b3 Qd6 13. Bb2 Bd7 14. Qe2 Rae8 15.
Ne5 Nxe5 16. Bxe5 Qb6 17. Nf3 Ng4 18. Bb2 Bf6 19. c3 e5 20. Nh2 Nxh2 21. Bxd5+
Be6 22. Bxe6+ Rxe6 23. Kxh2 Bxh4 24. gxh4 Qd8 25. Qg4 Rg6 26. Qh3 Rxf2+ 27. Kh1
Rf4 28. Re4 Qa8 29. Rg1 Rxe4 30. dxe4 Qxe4+ 31. Rg2 h5 32. Kh2 Rxg2+ 33. Qxg2
Qxh4+ 34. Kg1 Qe1+ 35. Kh2 Qh4+ 36. Kg1 Kh7 37. Qf2 Qg4+ 38. Qg2 Qf5 39. Bc1 c4
40. bxc4 bxc4 41. a4 Qg6 42. a5 a6 43. Bg5 Qd3 44. Bd2 Qf5 45. Kh2 Qg6 46. Bg5
Qf5 47. Be3 Qg6 1/2-1/2

[Event "Tradewise Gibraltar Masters 14th"]
[Site "Gibraltar"]
[Date "2016.01.27"]
[Round "2.119"]
[White "Hill, Alistair"]
[Black "Magnusdottir, Veronika Steinun"]
[Result "1-0"]
[WhiteElo "2167"]
[BlackElo "1762"]
[PlyCount "75"]
[EventDate "2016.01.26"]
[EventType "swiss"]
[EventRounds "10"]
[EventCountry "GGB"]
[Source "www.saund.co.uk"]
[SourceDate "2005.02.07"]

1. c4 c6 2. Nf3 d5 3. g3 Nf6 4. Bg2 Bf5 5. O-O Nbd7 6. d3 e5 7. cxd5 cxd5 8.
Qa4 Bd6 9. Nc3 O-O 10. Bg5 Qb6 11. Qb5 Be6 12. Qxb6 axb6 13. Nb5 Bb8 14. Rfc1
Bg4 15. h3 Ra5 16. a4 Bh5 17. Bd2 Ra8 18. Bb4 Nc5 19. Bxc5 bxc5 20. Rxc5 Rd8
21. g4 Bg6 22. Nh4 e4 23. Nxg6 hxg6 24. d4 Bf4 25. e3 Bg5 26. b3 Ne8 27. Bxe4
dxe4 28. Rxg5 b6 29. Re5 Nf6 30. g5 Ne8 31. Rxe4 Rd5 32. Re5 Rd7 33. Rc1 Nd6
34. Rd5 Rad8 35. Rxd6 Rxd6 36. Nxd6 Rxd6 37. Rc8+ Kh7 38. h4 1-0

[Event "Tradewise Gibraltar Masters 14th"]
[Site "Gibraltar"]
[Date "2016.01.27"]
[Round "2.120"]
[White "Kristinsson, Magnus"]
[Black "Ajele, Rotimi"]
[Result "0-1"]
[WhiteElo "1776"]
[BlackElo "2163"]
[PlyCount "74"]
[EventDate "2016.01.26"]
[EventType "swiss"]
[EventRounds "10"]
[EventCountry "GGB"]
[Source "www.saund.co.uk"]
[SourceDate "2005.02.07"]

1. d4 Nf6 2. c4 g6 3. Nc3 d5 4. f3 Bg7 5. e4 dxe4 6. fxe4 Nc6 7. Nf3 e5 8. d5
Nd4 9. Be3 Ng4 10. Bg1 c5 11. h3 Nf6 12. Qd2 O-O 13. Be3 Bd7 14. Bd3 Nh5 15.
O-O-O Ng3 16. Rhg1 f5 17. Bh6 fxe4 18. Bxg7 exd3 19. Bxf8 Qxf8 20. Rge1 Nge2+
21. Nxe2 dxe2 22. Rxe2 Nxe2+ 23. Qxe2 Qf4+ 24. Kb1 e4 25. Nd2 e3 26. Rf1 Bf5+
27. Ka1 Qd4 28. Nf3 Qd3 29. Re1 Re8 30. a3 Qxe2 31. Rxe2 Bd3 32. Re1 Bxc4 33.
d6 e2 34. Kb1 Rd8 35. Kc2 Rxd6 36. Ng1 Rd1 37. Rxd1 Bb3+ 0-1

[Event "Tradewise Gibraltar Masters 14th"]
[Site "Gibraltar"]
[Date "2016.01.27"]
[Round "2.121"]
[White "Savage, Neil"]
[Black "Blodig, Reinhard"]
[Result "0-1"]
[WhiteElo "1689"]
[BlackElo "2158"]
[PlyCount "60"]
[EventDate "2016.01.26"]
[EventType "swiss"]
[EventRounds "10"]
[EventCountry "GGB"]
[Source "www.saund.co.uk"]
[SourceDate "2005.02.07"]

1. e4 d6 2. d4 g6 3. Nc3 Bg7 4. Be2 Nc6 5. Be3 e5 6. d5 Nb8 7. h4 h5 8. Nf3 Nf6
9. Ng5 a6 10. f3 Nbd7 11. Qd2 b5 12. a3 Rb8 13. Na2 O-O 14. O-O-O Nb6 15. Nb4
Qe8 16. Qc3 Qd7 17. Qc6 Bb7 18. Qxd7 Nfxd7 19. Kb1 Rfe8 20. g4 Nf6 21. Rd3 Nc4
22. Bc1 a5 23. Na2 Ba6 24. b3 Rec8 25. gxh5 Nxh5 26. Rc3 Ng3 27. Rh2 Nxe2 28.
Rxe2 Nxa3+ 29. Bxa3 b4 30. Nxb4 axb4 0-1

[Event "Tradewise Gibraltar Masters 14th"]
[Site "Gibraltar"]
[Date "2016.01.27"]
[Round "2.122"]
[White "Campbell, Charles"]
[Black "Joachim, Rodny"]
[Result "1-0"]
[WhiteElo "2157"]
[BlackElo "1659"]
[PlyCount "113"]
[EventDate "2016.01.26"]
[EventType "swiss"]
[EventRounds "10"]
[EventCountry "GGB"]
[Source "www.saund.co.uk"]
[SourceDate "2005.02.07"]

1. d4 d5 2. c4 c6 3. cxd5 cxd5 4. Nf3 Nf6 5. Nc3 Nc6 6. Bf4 e6 7. e3 Bd6 8.
Bxd6 Qxd6 9. Bd3 O-O 10. O-O Re8 11. Rc1 a6 12. Na4 e5 13. dxe5 Nxe5 14. Be2
Bg4 15. Nc3 Rac8 16. Nxe5 Bxe2 17. Nxf7 Kxf7 18. Qxe2 d4 19. Qd3 Qb4 20. exd4
Qxb2 21. Rc2 Qa3 22. Qd2 Rc4 23. Nb1 Rxc2 24. Qxc2 Qe7 25. Qb3+ Kf8 26. Nd2 Ne4
27. Nxe4 Qxe4 28. d5 b5 29. h3 Qc4 30. Qa3+ Kg8 31. Qxa6 Qxd5 32. Rc1 Qd2 33.
Rf1 Re2 34. Qxb5 Qxa2 35. Qc5 Rc2 36. Qf5 g6 37. Qf6 Qb2 38. Qe6+ Kg7 39. Qe7+
Kg8 40. Rd1 Rc1 41. Qe1 Rxd1 42. Qxd1 Qe5 43. Qd2 Qa1+ 44. Kh2 Qe5+ 45. f4 Qc7
46. Kg3 Qf7 47. Qd6 h6 48. Qe5 Kh7 49. Kh2 h5 50. Kg3 Kh6 51. Qh8+ Qh7 52.
Qxh7+ Kxh7 53. Kh4 Kh6 54. g3 Kg7 55. Kg5 Kf7 56. h4 Kg7 57. f5 1-0

[Event "Tradewise Gibraltar Masters 14th"]
[Site "Gibraltar"]
[Date "2016.01.27"]
[Round "2.123"]
[White "Beadle, John R"]
[Black "Dougherty, Michael"]
[Result "0-1"]
[WhiteElo "1560"]
[BlackElo "2149"]
[PlyCount "62"]
[EventDate "2016.01.26"]
[EventType "swiss"]
[EventRounds "10"]
[EventCountry "GGB"]
[Source "www.saund.co.uk"]
[SourceDate "2005.02.07"]

1. e4 c5 2. Nf3 d6 3. d4 cxd4 4. Nxd4 Nf6 5. Nc3 a6 6. a4 Nc6 7. h3 e5 8. Nf3
Be7 9. Bc4 Be6 10. Bd5 Rc8 11. O-O O-O 12. Be3 Bxd5 13. exd5 Na5 14. Nd2 Rxc3
15. bxc3 Nxd5 16. Nb3 Nxe3 17. fxe3 Nc4 18. Qf3 Qb6 19. Kh1 Qc6 20. Qxc6 bxc6
21. e4 Bg5 22. Rf3 g6 23. Rd3 f5 24. exf5 Rxf5 25. Rb1 Kf7 26. Rf3 Rxf3 27.
gxf3 Be3 28. Kg2 Ke6 29. Re1 d5 30. Na5 Bd2 31. Rd1 Ne3+ 0-1

[Event "Tradewise Gibraltar Masters 14th"]
[Site "Gibraltar"]
[Date "2016.01.28"]
[Round "3.2"]
[White "Tari, Aryan"]
[Black "Vachier-Lagrave, Maxime"]
[Result "0-1"]
[WhiteElo "2556"]
[BlackElo "2785"]
[PlyCount "74"]
[EventDate "2016.01.26"]
[EventType "swiss"]
[EventRounds "10"]
[EventCountry "GGB"]
[Source "www.saund.co.uk"]
[SourceDate "2005.02.07"]

1. d4 Nf6 2. c4 g6 3. Nc3 d5 4. Nf3 Bg7 5. cxd5 Nxd5 6. Na4 Bf5 7. Nh4 Bd7 8.
e4 e5 9. Nf3 Qe7 10. Nxe5 Qb4+ 11. Nc3 Nxc3 12. Qd2 Nxa2 13. Rxa2 Qxd2+ 14.
Bxd2 Be6 15. Ra1 O-O 16. Bc3 Re8 17. Bb5 c6 18. Bd3 Rd8 19. Ke2 Nd7 20. Nxd7
Rxd7 21. e5 Bd5 22. Rhg1 f6 23. f4 c5 24. dxc5 fxe5 25. fxe5 Bxe5 26. Bb5 Re7
27. Bxe5 Rxe5+ 28. Kd3 Rd8 29. Kc3 Re3+ 30. Kd2 Rb3 31. Ba4 Rb4 32. b3 a5 33.
Kc3 Rc8 34. Kb2 Rxc5 35. Rgc1 Rxc1 36. Rxc1 b5 37. Rc5 Bc4 0-1

[Event "Tradewise Gibraltar Masters 14th"]
[Site "Gibraltar"]
[Date "2016.01.28"]
[Round "3.3"]
[White "Jakovenko, Dmitry"]
[Black "Kosteniuk, Alexandra"]
[Result "1-0"]
[WhiteElo "2732"]
[BlackElo "2550"]
[PlyCount "115"]
[EventDate "2016.01.26"]
[EventType "swiss"]
[EventRounds "10"]
[EventCountry "GGB"]
[Source "www.saund.co.uk"]
[SourceDate "2005.02.07"]

1. Nf3 d5 2. g3 Nf6 3. Bg2 Bf5 4. O-O c6 5. c4 e6 6. cxd5 exd5 7. d3 Na6 8. a3
Be7 9. b4 O-O 10. Nbd2 Qc8 11. Re1 Rd8 12. Nb3 Bh3 13. Bh1 h6 14. Bb2 Nc7 15.
Rc1 Ne6 16. Rc2 Qc7 17. Qc1 Qb6 18. Nfd4 Ng4 19. e3 Nxd4 20. Bxd4 Qb5 21. Rd1
Qa4 22. Nc5 Bxc5 23. Rxc5 Re8 24. Bf3 a5 25. b5 cxb5 26. Qb2 Rac8 27. Ra1 b4
28. axb4 Qxb4 29. Qxb4 axb4 30. Rxc8 Rxc8 31. Bxd5 Nf6 32. Bb3 Be6 33. Bxe6
fxe6 34. Rb1 Nd5 35. Kg2 Rc2 36. Kf3 Rd2 37. Rb3 b5 38. Bc5 g5 39. e4 Rc2 40.
Bxb4 Nxb4 41. Rxb4 Rc5 42. d4 Rc3+ 43. Kg4 Rd3 44. Kh5 Kg7 45. e5 Rd2 46. Rxb5
Rxf2 47. Rb7+ Kf8 48. Kxh6 g4 49. Kg5 Rxh2 50. Kxg4 Rd2 51. Rb4 Rd3 52. Kg5 Rf3
53. g4 Rf7 54. Rb8+ Kg7 55. Re8 Rd7 56. Rxe6 Rxd4 57. Re7+ Kf8 58. Ra7 1-0

[Event "Tradewise Gibraltar Masters 14th"]
[Site "Gibraltar"]
[Date "2016.01.28"]
[Round "3.4"]
[White "Lalith, Babu M R"]
[Black "Wojtaszek, Radoslaw"]
[Result "1/2-1/2"]
[WhiteElo "2553"]
[BlackElo "2727"]
[PlyCount "51"]
[EventDate "2016.01.26"]
[EventType "swiss"]
[EventRounds "10"]
[EventCountry "GGB"]
[Source "www.saund.co.uk"]
[SourceDate "2005.02.07"]

1. Nf3 d5 2. d4 Nf6 3. c4 e6 4. Nc3 dxc4 5. e4 Bb4 6. Bg5 c5 7. Bxc4 cxd4 8.
Nxd4 Bxc3+ 9. bxc3 Qa5 10. Bxf6 Qxc3+ 11. Kf1 gxf6 12. Rc1 Qa5 13. Bb5+ Ke7 14.
e5 fxe5 15. Qh5 Nd7 16. Qg5+ Kf8 17. Rxc8+ Rxc8 18. Bxd7 Qd8 19. Nxe6+ fxe6 20.
Qh6+ Kf7 21. Qxe6+ Kf8 22. Qf5+ Ke7 23. Qe6+ Kf8 24. Qf5+ Ke7 25. Qe6+ Kf8 26.
Qf5+ 1/2-1/2

[Event "Tradewise Gibraltar Masters 14th"]
[Site "Gibraltar"]
[Date "2016.01.28"]
[Round "3.5"]
[White "Rapport, Richard"]
[Black "Al-Sayed, Mohammed"]
[Result "1-0"]
[WhiteElo "2721"]
[BlackElo "2530"]
[PlyCount "71"]
[EventDate "2016.01.26"]
[EventType "swiss"]
[EventRounds "10"]
[EventCountry "GGB"]
[Source "www.saund.co.uk"]
[SourceDate "2005.02.07"]

1. c4 Nf6 2. Nc3 g6 3. e4 d6 4. d4 Bg7 5. Be2 O-O 6. Be3 e5 7. d5 a5 8. h4 Na6
9. h5 Nc5 10. Qc2 c6 11. O-O-O cxd5 12. Bxc5 d4 13. h6 Bh8 14. Ba3 dxc3 15.
bxc3 Qb6 16. Bxd6 Re8 17. c5 Qc6 18. f3 b5 19. Nh3 Ba6 20. Ng5 b4 21. Qb3 Ra7
22. Bxa6 Qxa6 23. cxb4 axb4 24. Rd2 Nh5 25. Kb1 Nf4 26. c6 Bf6 27. Bc5 Bxg5 28.
Bxa7 Qxc6 29. Rc1 Qf6 30. Qa4 Rf8 31. Bc5 Bxh6 32. Bxf8 Bxf8 33. Rc8 Qb6 34.
Qe8 Qg1+ 35. Rc1 Qb6 36. Rd8 1-0

[Event "Tradewise Gibraltar Masters 14th"]
[Site "Gibraltar"]
[Date "2016.01.28"]
[Round "3.6"]
[White "Muzychuk, Anna"]
[Black "Fressinet, Laurent"]
[Result "1-0"]
[WhiteElo "2537"]
[BlackElo "2700"]
[PlyCount "83"]
[EventDate "2016.01.26"]
[EventType "swiss"]
[EventRounds "10"]
[EventCountry "GGB"]
[Source "www.saund.co.uk"]
[SourceDate "2005.02.07"]

1. e4 e5 2. Nf3 Nc6 3. Nc3 Nf6 4. d4 exd4 5. Nxd4 Bc5 6. Be3 Bb6 7. Qd2 Ng4 8.
Nxc6 dxc6 9. Qxd8+ Kxd8 10. Bxb6 axb6 11. f3 Nf6 12. O-O-O+ Ke7 13. Be2 h5 14.
h4 b5 15. a3 Be6 16. f4 g6 17. Rhe1 Ne8 18. Bf3 Bg4 19. Bxg4 hxg4 20. g3 Nd6
21. Rd3 Rhd8 22. Nd1 c5 23. Ne3 c6 24. e5 Nc4 25. Rxd8 Rxd8 26. Nxg4 b4 27. a4
b5 28. b3 Na3 29. a5 c4 30. Rd1 Ra8 31. Nf6 Rxa5 32. Rd7+ Ke6 33. g4 Ra8 34.
Rd6+ Ke7 35. Rd7+ Kf8 36. e6 fxe6 37. Nh7+ Kg8 38. Nf6+ Kf8 39. h5 gxh5 40.
Nh7+ Kg8 41. Nf6+ Kf8 42. g5 1-0

[Event "Tradewise Gibraltar Masters 14th"]
[Site "Gibraltar"]
[Date "2016.01.28"]
[Round "3.7"]
[White "Bacrot, Etienne"]
[Black "Pichot, Alan"]
[Result "1-0"]
[WhiteElo "2697"]
[BlackElo "2517"]
[PlyCount "87"]
[EventDate "2016.01.26"]
[EventType "swiss"]
[EventRounds "10"]
[EventCountry "GGB"]
[Source "www.saund.co.uk"]
[SourceDate "2005.02.07"]

1. d4 Nf6 2. c4 g6 3. Nc3 Bg7 4. e4 d6 5. Be2 O-O 6. Nf3 e5 7. O-O Nc6 8. d5
Ne7 9. b4 a5 10. Ba3 axb4 11. Bxb4 Re8 12. Qd3 Nd7 13. a4 h6 14. Nd2 f5 15.
Rfd1 Kh8 16. Nb5 Nf6 17. f3 b6 18. a5 bxa5 19. Rxa5 Bd7 20. Qa3 Rxa5 21. Qxa5
Bxb5 22. cxb5 fxe4 23. fxe4 h5 24. Bf3 Bh6 25. Nc4 g5 26. b6 cxb6 27. Qa3 Nc8
28. Bxh5 Nxh5 29. Qh3 Qf6 30. Qxh5 Rf8 31. Ne3 Qf2+ 32. Kh1 Qxe3 33. Qxh6+ Kg8
34. Qg6+ Kh8 35. Qh6+ Kg8 36. Qg6+ Kh8 37. h3 Qb3 38. Qh6+ Kg8 39. Qg6+ Kh8 40.
Qh5+ Kg8 41. Qxg5+ Kh8 42. Qh5+ Kg8 43. Qg4+ Kh7 44. Rc1 1-0

[Event "Tradewise Gibraltar Masters 14th"]
[Site "Gibraltar"]
[Date "2016.01.28"]
[Round "3.8"]
[White "Handke, Florian"]
[Black "Ni Hua"]
[Result "1/2-1/2"]
[WhiteElo "2533"]
[BlackElo "2697"]
[PlyCount "147"]
[EventDate "2016.01.26"]
[EventType "swiss"]
[EventRounds "10"]
[EventCountry "GGB"]
[Source "www.saund.co.uk"]
[SourceDate "2005.02.07"]

1. d4 Nf6 2. Nf3 d5 3. c4 e6 4. g3 Bb4+ 5. Bd2 Be7 6. Bg2 O-O 7. O-O Nbd7 8.
Qc2 Ne4 9. Nc3 Nxd2 10. Nxd2 c6 11. e4 dxc4 12. Nxc4 Nb6 13. Nxb6 Qxb6 14. Rfd1
Rd8 15. Na4 Qc7 16. e5 Bd7 17. Nc5 Be8 18. Rac1 a5 19. Qb3 Bxc5 20. Rxc5 b6 21.
Rc3 Rac8 22. f4 Qa7 23. Qc2 c5 24. Be4 g6 25. Kg2 Qd7 26. d5 exd5 27. Bxd5 Qe7
28. Bf3 Rxd1 29. Qxd1 b5 30. Qd6 Kf8 31. b3 Qxd6 32. exd6 Bd7 33. Kf2 Be6 34.
Be2 b4 35. Rc2 Rc6 36. Rd2 Rc8 37. Bb5 Rb8 38. Bc6 c4 39. bxc4 Bxc4 40. Ke3 Rd8
41. Ba4 f5 42. g4 Kf7 43. Rc2 Be6 44. Rc7+ Kf8 45. gxf5 gxf5 46. Rxh7 Rxd6 47.
Ra7 Bxa2 48. Rxa5 Bb1 49. Rb5 Rd3+ 50. Ke2 Rd4 51. Ke3 Re4+ 52. Kf3 Rc4 53. h4
Be4+ 54. Kf2 Kg7 55. Bb3 Rd4 56. Be6 Bc2 57. Ke3 Re4+ 58. Kd2 Ba4 59. Ra5 Rxe6
60. Rxa4 Re4 61. Ra6 Rxf4 62. h5 b3 63. h6+ Kh7 64. Kc3 Rg4 65. Rf6 Rb4 66. Kb2
Rb5 67. Ra6 Rb8 68. Rf6 Rb5 69. Ra6 Rb4 70. Rf6 f4 71. Ra6 Rb7 72. Rf6 Rb4 73.
Ra6 Kh8 74. Ra8+ 1/2-1/2

[Event "Tradewise Gibraltar Masters 14th"]
[Site "Gibraltar"]
[Date "2016.01.28"]
[Round "3.9"]
[White "Vishnu, Prasanna. V"]
[Black "Ragger, Markus"]
[Result "0-1"]
[WhiteElo "2518"]
[BlackElo "2689"]
[PlyCount "78"]
[EventDate "2016.01.26"]
[EventType "swiss"]
[EventRounds "10"]
[EventCountry "GGB"]
[Source "www.saund.co.uk"]
[SourceDate "2005.02.07"]

1. e4 c5 2. Nf3 d6 3. d4 cxd4 4. Nxd4 Nf6 5. Nc3 a6 6. f3 e5 7. Nb3 Be6 8. Be3
Be7 9. Qd2 O-O 10. O-O-O Nbd7 11. g4 b5 12. Rg1 Nb6 13. g5 Nh5 14. Na5 Rc8 15.
Kb1 g6 16. a3 Qc7 17. Nd5 Nxd5 18. exd5 Bd7 19. c4 Qb8 20. Nc6 Rxc6 21. dxc6
Bxc6 22. cxb5 axb5 23. Rc1 Qa8 24. Bd3 Bxf3 25. Bxb5 Rb8 26. Bd3 Bf8 27. Rgf1
Bd5 28. Ka1 Be6 29. Rc7 Bg7 30. Bb1 Nf4 31. Ra7 Qc6 32. Rc1 Qd5 33. Rd1 Qb3 34.
Rc7 e4 35. Rc3 Bxc3 36. Qxc3 Qxd1 37. Bxf4 Qf3 38. Qd2 Re8 39. Qxd6 e3 0-1

[Event "Tradewise Gibraltar Masters 14th"]
[Site "Gibraltar"]
[Date "2016.01.28"]
[Round "3.10"]
[White "Howell, David"]
[Black "Stefanova, Antoaneta"]
[Result "1/2-1/2"]
[WhiteElo "2685"]
[BlackElo "2515"]
[PlyCount "89"]
[EventDate "2016.01.26"]
[EventType "swiss"]
[EventRounds "10"]
[EventCountry "GGB"]
[Source "www.saund.co.uk"]
[SourceDate "2005.02.07"]

1. Nf3 d5 2. g3 g6 3. Bg2 Bg7 4. d4 Nc6 5. O-O Nh6 6. c4 e6 7. Bg5 f6 8. Bd2
Nf5 9. e3 Nd6 10. Na3 O-O 11. Rc1 Ne7 12. Qe2 a5 13. Rfd1 Bd7 14. b3 Be8 15.
Bc3 a4 16. Bb2 axb3 17. axb3 g5 18. Ne1 c6 19. Nd3 Ng6 20. Nb1 f5 21. Ba3 Kh8
22. Bb4 Rg8 23. Nd2 Ne4 24. f3 Nxd2 25. Rxd2 Bf7 26. Bc3 Ra3 27. Ra2 Rxb3 28.
cxd5 exd5 29. Nc5 Rb5 30. Rb2 Rxb2 31. Qxb2 b6 32. Nd3 Re8 33. Ne5 Nxe5 34.
dxe5 Be6 35. f4 Bf8 36. Bd4 c5 37. Bc3 gxf4 38. gxf4 Re7 39. Rb1 Rb7 40. Ba5
Be7 41. Qb5 Qc8 42. Kh1 c4 43. Bc3 Bc5 44. Bd4 Rc7 45. Bf3 1/2-1/2

[Event "Tradewise Gibraltar Masters 14th"]
[Site "Gibraltar"]
[Date "2016.01.28"]
[Round "3.11"]
[White "Gledura, Benjamin"]
[Black "Almasi, Zoltan"]
[Result "1/2-1/2"]
[WhiteElo "2515"]
[BlackElo "2684"]
[PlyCount "59"]
[EventDate "2016.01.26"]
[EventType "swiss"]
[EventRounds "10"]
[EventCountry "GGB"]
[Source "www.saund.co.uk"]
[SourceDate "2005.02.07"]

1. e4 e5 2. Nf3 Nc6 3. Nc3 Nf6 4. d4 exd4 5. Nxd4 d6 6. Bb5 Bd7 7. O-O Be7 8.
Nxc6 Bxc6 9. Bxc6+ bxc6 10. b3 Nd7 11. Bb2 Bf6 12. f4 O-O 13. e5 dxe5 14. Ne4
exf4 15. Nxf6+ Nxf6 16. Qxd8 Raxd8 17. Bxf6 gxf6 18. Rxf4 Rfe8 19. Kf1 Rd2 20.
Rf2 Rd6 21. Re1 Re5 22. Rf4 Kf8 23. Rxe5 fxe5 24. Ra4 Rd2 25. Rc4 Ke7 26. Rxc6
Kd7 27. Rf6 Ke7 28. Rc6 Kd7 29. Rf6 Ke7 30. Rc6 1/2-1/2

[Event "Tradewise Gibraltar Masters 14th"]
[Site "Gibraltar"]
[Date "2016.01.28"]
[Round "3.13"]
[White "Sundararajan, Kidambi"]
[Black "Bruzon Batista, Lazaro"]
[Result "1/2-1/2"]
[WhiteElo "2508"]
[BlackElo "2666"]
[PlyCount "68"]
[EventDate "2016.01.26"]
[EventType "swiss"]
[EventRounds "10"]
[EventCountry "GGB"]
[Source "www.saund.co.uk"]
[SourceDate "2005.02.07"]

1. d4 Nf6 2. Nf3 e6 3. c4 d5 4. Nc3 Be7 5. Bg5 h6 6. Bh4 O-O 7. e3 Nbd7 8. Rc1
c5 9. cxd5 Nxd5 10. Bxe7 Nxe7 11. Bb5 cxd4 12. Qxd4 Nf6 13. Qxd8 Rxd8 14. Ke2
b6 15. Rhd1 Bb7 16. Ne1 Rac8 17. f3 Rxd1 18. Rxd1 Kf8 19. e4 a6 20. Bd3 Nc6 21.
Ke3 Ke7 22. Rc1 Nd7 23. Ne2 g5 24. Nd4 Nxd4 25. Rxc8 Bxc8 26. Kxd4 Kd6 27. Bc2
Ne5 28. Nd3 Nc6+ 29. Ke3 e5 30. Bb3 f6 31. g3 Nd4 32. Bf7 Nc2+ 33. Kd2 Nd4 34.
Ke3 Nc2+ 1/2-1/2

[Event "Tradewise Gibraltar Masters 14th"]
[Site "Gibraltar"]
[Date "2016.01.28"]
[Round "3.14"]
[White "Sethuraman, S.P."]
[Black "Bai, Jinshi"]
[Result "1-0"]
[WhiteElo "2639"]
[BlackElo "2507"]
[PlyCount "137"]
[EventDate "2016.01.26"]
[EventType "swiss"]
[EventRounds "10"]
[EventCountry "GGB"]
[Source "www.saund.co.uk"]
[SourceDate "2005.02.07"]

1. e4 c5 2. Nf3 e6 3. d4 cxd4 4. Nxd4 Nc6 5. Nc3 Qc7 6. Be3 a6 7. Qf3 Bd6 8.
O-O-O Be5 9. g3 b5 10. Qe2 Bb7 11. f4 Bxd4 12. Bxd4 Nxd4 13. Rxd4 Qc5 14. Qd2
Bc6 15. Bg2 b4 16. Nd5 exd5 17. exd5 Bb5 18. d6 Rc8 19. Re1+ Kf8 20. Re5 Qa7
21. Bd5 a5 22. g4 Nf6 23. Bf3 Ba4 24. b3 Bc6 25. Rc4 Rd8 26. Bxc6 dxc6 27. Rxc6
Nxg4 28. Rc7 Qg1+ 29. Re1 Qxh2 30. Qd4 Qh4 31. Ree7 Nh6 32. Qe5 Qf6 33. Red7
Rb8 34. Rb7 Rc8 35. Rdc7 Ra8 36. Ra7 Rb8 37. Rcb7 Rc8 38. Rc7 Rd8 39. Rd7 Re8
40. Qe7+ Rxe7 41. dxe7+ Qxe7 42. Rxe7 g6 43. Reb7 Kg7 44. Rxa5 Nf5 45. Raa7 Rf8
46. Rxb4 h5 47. Rd7 h4 48. a4 h3 49. Rd2 Rh8 50. Rh2 Ne3 51. a5 Ng4 52. Rh1 Nf2
53. Rf1 h2 54. a6 h1=Q 55. Rxh1 Rxh1+ 56. Kd2 Rh8 57. Ke3 Nd1+ 58. Kd4 Ra8 59.
Ra4 f6 60. a7 g5 61. fxg5 fxg5 62. b4 g4 63. Ra3 g3 64. Rxg3+ Kf6 65. Ra3 Ke6
66. Kc5 Nb2 67. b5 Kd7 68. b6 Kc8 69. Kc6 1-0

[Event "Tradewise Gibraltar Masters 14th"]
[Site "Gibraltar"]
[Date "2016.01.28"]
[Round "3.15"]
[White "Tan, Zhongyi"]
[Black "Jones, Gawain C B"]
[Result "1/2-1/2"]
[WhiteElo "2504"]
[BlackElo "2625"]
[PlyCount "95"]
[EventDate "2016.01.26"]
[EventType "swiss"]
[EventRounds "10"]
[EventCountry "GGB"]
[Source "www.saund.co.uk"]
[SourceDate "2005.02.07"]

1. d4 Nf6 2. c4 g6 3. Nf3 Bg7 4. g3 O-O 5. Bg2 d6 6. O-O Nc6 7. Nc3 Rb8 8. Bf4
a6 9. Rc1 h6 10. d5 e5 11. Bd2 Nd4 12. Ne1 c5 13. dxc6 bxc6 14. e3 Ne6 15. Bxc6
Nc5 16. b3 e4 17. b4 Bg4 18. Qc2 Rb6 19. b5 Qe7 20. a4 Rxc6 21. bxc6 Qe6 22.
Nd5 Nxd5 23. cxd5 Qxd5 24. Bb4 Qxc6 25. Bxc5 dxc5 26. Qxc5 Qxa4 27. Rc4 Qd7 28.
f3 Bh3 29. Rf2 exf3 30. Rc1 Re8 31. Nxf3 Qd3 32. Ne1 Qxe3 33. Qxe3 Rxe3 34. Rd2
h5 35. Ng2 Re4 36. Rd8+ Kh7 37. Nf4 Bg4 38. Rc7 Rd4 39. Rxd4 Bxd4+ 40. Kg2 Kg7
41. h3 Bf5 42. Kf3 Be5 43. Rc6 a5 44. Rc5 Bxf4 45. Kxf4 a4 46. g4 hxg4 47. hxg4
Be6 48. Ra5 1/2-1/2

[Event "Tradewise Gibraltar Masters 14th"]
[Site "Gibraltar"]
[Date "2016.01.28"]
[Round "3.16"]
[White "Iturrizaga Bonelli, Eduardo"]
[Black "Goryachkina, Aleksandra"]
[Result "0-1"]
[WhiteElo "2624"]
[BlackElo "2502"]
[PlyCount "122"]
[EventDate "2016.01.26"]
[EventType "swiss"]
[EventRounds "10"]
[EventCountry "GGB"]
[Source "www.saund.co.uk"]
[SourceDate "2005.02.07"]

1. b3 d5 2. Bb2 c5 3. e3 a6 4. Nf3 Nc6 5. g3 Nf6 6. Bg2 g6 7. O-O Bg7 8. c4 O-O
9. cxd5 Nb4 10. d4 Nfxd5 11. e4 Nc7 12. Qd2 f5 13. e5 a5 14. Qe2 cxd4 15. Nxd4
Ne6 16. Rd1 Nxd4 17. Bxd4 Be6 18. Bxb7 Rb8 19. Bg2 Rc8 20. Nc3 Nc6 21. Be3 Qe8
22. f4 Qf7 23. Rac1 g5 24. Nb5 gxf4 25. Bxf4 Nb8 26. Nc7 Kh8 27. Qb5 Qg6 28.
Qxa5 Bd7 29. Bb7 Rcd8 30. Nd5 Rde8 31. Qb6 Qh5 32. e6 Bc8 33. Bxc8 Rxc8 34.
Nxe7 Rc2 35. Bd2 f4 36. Qf2 fxg3 37. Qxg3 Bd4+ 38. Kh1 Rxc1 39. Rxc1 Qe2 40.
Qg2 Qxe6 41. Re1 Qf7 42. Bh6 Rd8 43. Bc1 Bf6 44. Bb2 Bxb2 45. Qxb2+ Qg7 46. Qe2
Rf8 47. Rg1 Qf6 48. Nd5 Qd4 49. Qg2 Nc6 50. Nf4 Qf6 51. Nh5 Qc3 52. Nf4 Qf6 53.
Ne6 Rc8 54. Ng5 Ne5 55. Qb7 Qf5 56. Qd5 Rf8 57. Re1 Nd3 58. Qd4+ Kg8 59. Qc4+
Kh8 60. Qd4+ Kg8 61. Ne6 Nf2+ 0-1